000 00488nam a2200193 a 4500
001 1778578638382
003 YourLibrary
005 20260512150838.0
008 260512s2005##################000#0#eng##
020 _a9780060843373
082 0 4 _a422
_bJAC
100 1 _aJack, Albert,
_eauthor.
245 1 0 _aRed Herrings and White Elephants :
260 _bHarper,
_c2005.
300 _a272 pages
650 0 _aReference.
942 _cENGLISH
040 _aYourLibrary
_beng
_cYourLibrary
999 _c623119
_d623119